000
00215nam a2200097Ia 4500
005
20251222114415.0
008
251222s1900||||xx |||||||||||||| ||spa||
082
_a
DVD0111/L27/1995
245
0
_a
Toy story:
942
_c
DVD
999
_c
2177
_d
2177